01461nam a2200337 a 4500001001200000003000800012006001900020007001500039008004100054010001700095020002500112020002700137040002100164035002100185050003000206100001800236245006900254246003700323260005300360300002400413500002000437505022700457533015200684630003600836650002900872650003300901655002900934710001700963856012600980999001701106ebr10645210CaPaEBRm u cr cn|||||||||130124s2013 njua s 001 0 eng d z 2012954759 z9781118510124 (pbk.) z9781118550120 (e-book) aCaPaEBRcCaPaEBR a(OCoLC)82873699714aHF5548.4.M523bH37 2013eb1 aHarvey, Greg.10aExcel 2013 for dummiesh[electronic resource] /cby Greg Harvey.14aMicrosoft Excel 2013 for dummies aHoboken, N.J. :bJohn Wiley & Sons, Inc.,c2013. axii, 394 p. :bill. aIncludes index.0 apt. I. Getting started with Excel 2013 -- pt. II. Editing without tears -- pt. III. Getting organized and staying that way -- pt. IV. Digging data analysis -- pt. V. Life beyond the spreadsheet -- pt. VI. The part of tens. aElectronic reproduction.bPalo Alto, Calif. :cebrary,d2013.nAvailable via World Wide Web.nAccess may be limited to ebrary affiliated libraries.00aMicrosoft Excel (Computer file) 0aElectronic spreadsheets. 0aBusinessxComputer programs. 7aElectronic books.2local2 aebrary, Inc.40uhttp://site.ebrary.com/lib/rucke/Doc?id=10645210zAn electronic book accessible through the World Wide Web; click to view c29966d29966